000 00516nam a2200181Ia 4500
005 20250326125620.0
008 250326s9999 xx 000 0 und d
037 _aTextbook
040 _aFMSL
_beng
_cFMSL
041 _aeng
_2eng
084 _aX5:512 K8
_qFMSL
100 _aNEDO
_9738987
245 0 _aGrow your own sales staff - 21 golden rules
_cNEDO
260 _aLondon
_bLondon, Her Majesty's Stationery Office
_c1968
300 _a45p
942 _cTB
_hX5:512 K8
999 _c1278808
_d1278808